00367nam a2200145Ia 4500008004100000020001800041041000800059082001700067100002600084245003800110250000600148260004100154300001200195650001400207210716s2019 xx 000 0 und d a9788126578078 aeng a658.872 BHAP aBhatia, Puneet Singh. aSocial media and mobile marketing a1 aNew DelhibWiley India Pvt Ltdc2019 axii,272 aMarketing